Kabale University Library Catalogue

Biochemistry : (Record no. 5966)

MARC details
000 -LEADER
fixed length control field 00649nam a22002177a 4500
003 - CONTROL NUMBER IDENTIFIER
control field OSt
005 - DATE AND TIME OF LATEST TRANSACTION
control field 20260303184956.0
008 - FIXED-LENGTH DATA ELEMENTS--GENERAL INFORMATION
fixed length control field 260203b |||||||| |||| 00| 0 eng d
020 ## - INTERNATIONAL STANDARD BOOK NUMBER
International Standard Book Number 978111920802
020 ## - INTERNATIONAL STANDARD BOOK NUMBER
International Standard Book Number 9781119820819
020 ## - INTERNATIONAL STANDARD BOOK NUMBER
International Standard Book Number 9781119820826
040 ## - CATALOGING SOURCE
Transcribing agency KABLIB
Original cataloging agency KABLIB
Language of cataloging eng
Description conventions rda
082 ## - DEWEY DECIMAL CLASSIFICATION NUMBER
Edition number 23
Classification number 572
Item number TAN
100 ## - MAIN ENTRY--PERSONAL NAME
Personal name Tansey John T.
9 (RLIN) 15046
245 ## - TITLE STATEMENT
Title Biochemistry :
Remainder of title An intergrative Approach with Expanded topics /
Statement of responsibility, etc. John T. Tansey
260 ## - PUBLICATION, DISTRIBUTION, ETC.
Place of publication, distribution, etc. Singapore :
Name of publisher, distributor, etc. John Wiley & Sons,
Date of publication, distribution, etc. c2022
300 ## - PHYSICAL DESCRIPTION
Extent xxx, 879 P. :
Other physical details ill. (col.) ;
Dimensions 28 cm
500 ## - GENERAL NOTE
General note Include glossary, index.
650 ## - SUBJECT ADDED ENTRY--TOPICAL TERM
Topical term or geographic name entry element Biochemistry
942 ## - ADDED ENTRY ELEMENTS (KOHA)
Source of classification or shelving scheme Dewey Decimal Classification
Koha item type Book
Holdings
Withdrawn status Lost status Source of classification or shelving scheme Damaged status Not for loan Home library Current library Date acquired Total Checkouts Full call number Barcode Date last seen Price effective from Koha item type Shelving location Source of acquisition
    Dewey Decimal Classification     Education Library Education Library 03.02.2026   572 TAN 14024 03.02.2026 03.02.2026 Book    
    Dewey Decimal Classification     Education Library Education Library 03.02.2026   572 TAN 14025 03.02.2026 03.02.2026 Book    
    Dewey Decimal Classification     Education Library Education Library 03.03.2026   572 TAN 14683 03.03.2026 03.03.2026 Book Open Access Section Purchased
    Dewey Decimal Classification     Education Library Education Library 03.03.2026   572 TAN 14684 03.03.2026 03.03.2026 Book Open Access Section Purchased
    Dewey Decimal Classification     Education Library Education Library 03.03.2026   572 TAN 14685 03.03.2026 03.03.2026 Book Reserve Section Purchased

Kabale University Library | Kabale University P.O Box 317, Kabale, Uganda
Tel : +256754017033, +256774661503 E-mail : library@kab.ac.ug